Statistics for KDL Lesson 1 Vocabulary - Cornish to English

Click here to take the quiz!

General Stats

  • This quiz has been taken 29 times
  • The average score is 7 of 32

Answer Stats

CornishEnglish% Correct
KernowCornwall; Cornishman
89%
KernewekCornish
84%
klassclass
47%
Kernewes (f)Cornishwoman
47%
keltekCeltic
37%
SowsnekEnglish
37%
ynin
37%
YowannJohn
32%
evhe
21%
ywis
21%
bro (f)country
16%
tasfather
16%
Breten2 Veur (f)Great Britain
16%
tretown
16%
pythwhat
16%
benyn (f)woman
16%
ynwedhalso
11%
Ev a dhe2 glass rag dyskiHe goes to a class (in order) to learn
11%
Fatell2 dhysk Yowann?How does John learn?
11%
mammyeth (f) YowannJohn's mother tongue
11%
dysklearn
11%
triglive
11%
a2 driglives
11%
kewsspeak
11%
a2 gewsspeaks
11%
plewhere
11%
Prag y5 tysk ev Kernewek?Why does he learn Cornish?
11%
orth pennat the end (of)
5%
Drefenn y2 vos Kernow!Because he is a Cornishman!
5%
Kowethas an yeth (f) kernewekCornish Language Fellowship
5%
eselmember
5%
konna tirpeninsula
5%

Score Distribution

Percentile by Number Answered

Percent of People with Each Score

Your Score History

You have not taken this quiz